Vista normal
Vista MARC
Entrada Personal Name
Número de registros utilizados en: 1
001 - CONTROL NUMBER
- control field: 17855
003 - CONTROL NUMBER IDENTIFIER
- control field: DLC
005 - DATE AND TIME OF LATEST TRANSACTION
- control field: 20260217095209.0
008 - FIXED-LENGTH DATA ELEMENTS
- fixed length control field: 800716n| azannaabn |a aaa
010 ## - LIBRARY OF CONGRESS CONTROL NUMBER
- LC control number: n 80061269
035 ## - SYSTEM CONTROL NUMBER
- System control number: (OCoLC)oca00442948
040 ## - CATALOGING SOURCE
- Original cataloging agency: DLC
- Language of cataloging: spa
- Description conventions: rda
- Transcribing agency: Mx-PuUPA
- Modifying agency: DLC
- Modifying agency: CtY-BR
- Modifying agency: CtY-BR
- Modifying agency: OCoLC
- Modifying agency: KyU
- Modifying agency: OCoLC
- Modifying agency: Mx-PuUPA
046 ## - SPECIAL CODED DATES
- Birth date: 17881003
- Death date: 183611
- Source of date scheme: edtf
100 1# - HEADING--PERSONAL NAME
- Personal name: Zavala, Lorenzo de,
- Dates associated with a name: 1788-1836
370 ## - ASSOCIATED PLACE
- Place of birth: Mérida (México)
- Place of death: Texas
- Associated country: México
- Associated country: Estados Unidos
- Place of residence/headquarters: Texas
- Source of term: naf
374 ## - OCCUPATION
- Occupation: Gobernador
- Source of term: lcsh
374 ## - OCCUPATION
- Occupation: Autor
- Source of term: lcsh
375 ## - GENDER
- Gender: hombre
- Source of term: lcdgt
377 ## - ASSOCIATED LANGUAGE
- Language code: eng
400 1# - SEE FROM TRACING--PERSONAL NAME
- Personal name: Zavala y Sáenz, Manuel Lorenzo Justiniano de,
- Dates associated with a name: 1788-1836
400 1# - SEE FROM TRACING--PERSONAL NAME
- Personal name: Sáenz, Manuel Lorenzo Justiniano de Zavala y,
- Dates associated with a name: 1788-1836
400 1# - SEE FROM TRACING--PERSONAL NAME
- Personal name: De Zavala, Lorenzo,
- Dates associated with a name: 1788-1836
510 1# - SEE ALSO FROM TRACING--CORPORATE NAME
- Corporate name or jurisdiction name as entry element: México (México : Estado).
- Subordinate unit: Gobernador (1827-1829 : Zavala)
510 1# - SEE ALSO FROM TRACING--CORPORATE NAME
- Corporate name or jurisdiction name as entry element: México (México : Estado).
- Subordinate unit: Gobernador (1833 : Zavala)
670 ## - SOURCE DATA FOUND
- Source citation: Gobernantes del estado de México : Múzquiz, Zavala, Olaguíbel, 1975:
- Information found: p. 36, etc. (Lorenzo de Zavala elected gobernador constitucional of the state of Mexico 8 Mar. 1827; transferred powers to José Ignacio Sotomayor upon becoming Ministro de Hacienda 16 April 1829; served again as gobernador constitucional for the state in 1833)
670 ## - SOURCE DATA FOUND
- Source citation: Meier, Matt S. Mexican American biographies, 1988:
- Information found: pages 248-249 (Lorenzo de Zavala, political leader, physician. Born in Mérida, Yucatán on October 3, 1788, died November 1836. Federalist leader. Moved to Texas; was one of the co-authors of the Texas constitution. Died in Texas)